Can you name the DO's of Spain? Quiz Stats

 Plays Quiz not verified by Sporcle

Also try: The Passport Quiz
Challenge
Share
Tweet
Embed
Score 0/84 Timer 20:00
0 Plays Today
Autonomia DO % Correct
Rioja (DOCa)Rioja
57.1%
Catalonia (DOQ)Priorat
50%
Castilla y LeonRibera del Duero
50%
CataloniaPenedes
35.7%
AragonSomontano
35.7%
NavarraNavarra
35.7%
GaliciaRibeiro
35.7%
Castilla y LeonCigales
28.6%
Castilla y LeonRueda
28.6%
Castilla y LeonToro
28.6%
CataloniaMontsant
21.4%
AragonCalatayud
21.4%
AragonCarinena
21.4%
GaliciaRias Baixas
21.4%
GaliciaRibeira Sacra
21.4%
Castilla y LeonTierra de Leon
21.4%
Castilla y LeonBierzo
21.4%
Castilla La ManchaLa Mancha
21.4%
AndalusiaSherry
21.4%
RegionalCava
21.4%
CataloniaEmporda
14.3%
CataloniaConca de Barbera
14.3%
AragonCampo de Borja
14.3%
Pays VascoTxakoli de Getaria
14.3%
Pays VascoTxakoli de Bizkaia
14.3%
Pays VascoTxakoli de Alava
14.3%
GaliciaValdeorras
14.3%
GaliciaMonterrei
14.3%
Autonomia DO % Correct
Islas BalearesPla i Levant
14.3%
ValenciaUtiel Requena
14.3%
ValenciaValencia
14.3%
MurciaJumilla
14.3%
Castilla La ManchaRibera del Jucar
14.3%
Castilla La ManchaValdepenas
14.3%
ExtremaduraRibera del Guadiana
14.3%
Islas CanariasEl Hierro
14.3%
CataloniaTerragona
7.1%
CataloniaCosters del Segre
7.1%
Navarra (DO Pago)Arinzano
7.1%
Navarra (DO Pago)Prado Irache
7.1%
Navarra (DO Pago)Ayles
7.1%
Castilla y LeonArlanza
7.1%
Castilla y LeonArribes
7.1%
Islas BalearesBinissalem Mallorca
7.1%
Valencia (DO Pago)Chozas Carrascal
7.1%
MurciaYecla
7.1%
MurciaBullas
7.1%
Castilla La ManchaAlmansa
7.1%
MadridVinos de Madrid
7.1%
AndalusiaManzanilla Sanlucar de Barrameda
7.1%
AndalusiaMalaga
7.1%
AndalusiaMontilla Moriles
7.1%
AndalusiaCondado du Huelva
7.1%
Islas CanariasLa Palma
7.1%
Islas CanariasLa Gomera
7.1%
Islas CanariasGran Canaria
7.1%
Autonomia DO % Correct
Islas CanariasLanzarote
7.1%
Islas Canarias (Tenerife)Valle de la Orotava
7.1%
7.1%
CataloniaPla de Bages
0%
CataloniaTerra Alta
0%
CataloniaAlella
0%
Navarra (DO Pago)Otazu
0%
Castilla y LeonTierra del Vino de Zamora
0%
ValenciaAlicante
0%
Valencia (DO Pago)Los Balagueses
0%
Valencia (DO Pago)El Terrerazo
0%
Castilla La ManchaMentrida
0%
Castilla La ManchaManchuela
0%
Castilla La ManchaMondejar
0%
Castilla La ManchaUcles
0%
Castilla La Mancha (DO Pago)Dominio de Valdepusa
0%
Castilla La Mancha (DO Pago)Finca Elez
0%
Castilla La Mancha (DO Pago)Guijoso
0%
Castilla La Mancha (DO Pago)Dehesa del Carrizal
0%
Castilla La Mancha (DO Pago)Campo de la Guardia
0%
Castilla La Mancha (DO Pago)Florentino
0%
Castilla La Mancha (DO Pago)Casa del Blanco
0%
Castilla La Mancha (DO Pago)Calzadilla
0%
AndalusiaSierras de Malaga
0%
Islas Canarias (Tenerife)Abona
0%
Islas Canarias (Tenerife)Tacoronte-Acentejo
0%
Islas Canarias (Tenerife)Yconden-Daute-Isora
0%
Islas Canarias (Tenerife)Valle de Guimar
0%

You're not logged in!

Compare scores with friends on all Sporcle quizzes.
Join for Free
OR
Log In

You Might Also Like...

Show Comments

Extras

Created Jan 29, 2015ReportNominate
Tags:Spain

Top Quizzes Today


Score Distribution

Your Account Isn't Verified!

In order to create a playlist on Sporcle, you need to verify the email address you used during registration. Go to your Sporcle Settings to finish the process.

Report this User

Report this user for behavior that violates our Community Guidelines.

Details: